| 000 | 00642nam a2200217Ia 4500 | ||
|---|---|---|---|
| 005 | 20260122095416.0 | ||
| 008 | 260121s9999||||xx |||||||||||||| ||und|| | ||
| 020 | _a9789391928124 | ||
| 082 |
_a954.025 _bALL |
||
| 100 | _aAllami, Abu L-Fazl | ||
| 245 | 0 |
_aAin-I Akbari : _bthe complete English translation, Vol. 1 / |
|
| 250 | _a1st ed. | ||
| 260 |
_aNew Delhi : _bManohar Publishers and Distributors, _c2022. |
||
| 300 | _alxix, 741p.; hb | ||
| 440 | _vVol. 1 | ||
| 650 | _aIndia—Administration—History | ||
| 650 | _aIndia—History—Mughal Empire1526–1765 | ||
| 700 | _aBlochmann | ||
| 700 | _aPhillot, D. C. | ||
| 942 | _cTB | ||
| 999 |
_c47419 _d47419 |
||